00474nam a2200145Ia 4500008004100000100001700041245010400058245001700162260003900179260000900218300001000227650001800237650001500255856005800270170221s9999 xx 000 0 und d aChi-yin Hong aDirectness and Appropriateness—Complaints Perceived by English Users of Different Ages in Taiwan  cChi-yin Hong bStudies in Media and Communication c2013 a1 : 2 xCommunication xMedia Arts uhttp://redfame.com/journal/index.php/smc/issue/view/6